Score 0/20 Timer 07:00
4 Plays Today
Number Food % Correct
1Onion Rings
97.2%
17French Fries
95.5%
6Fried Chicken
93.1%
19Donuts
92.2%
8Corn dogs
90.7%
10Fried Shrimp
88.9%
4Egg Roll
85.3%
18Fried Mozzarella Sticks
80.5%
3Fried Soft Shell Crab
74.4%
12Churros
71.7%
Number Food % Correct
7Funnel Cake
67.8%
23Fried Ice Cream
65.9%
25Fried Oreos
62.5%
13Fried Ravioli
58.6%
15Fried Green Beans
57.7%
20Jalapeno Poppers
52.3%
2Fried Okra
50.1%
5Fried Macaroni & Cheese
49.1%
16Fried Pickles
44.2%
14Beignets
22.4%
Remove Ads.
Support Sporcle.
Get the best of Sporcle when you Go Orange. This ad-free experience offers more features, more stats, and more fun while also helping to support Sporcle. Thank you for becoming a member.

You're not logged in!

Compare scores with friends on all Sporcle quizzes.
OR
Log In

Show Comments

Extras

Top Quizzes Today


Score Distribution

Your Account Isn't Verified!

In order to create a playlist on Sporcle, you need to verify the email address you used during registration. Go to your Sporcle Settings to finish the process.

Report this User

Report this user for behavior that violates our Community Guidelines.

Details: